000 00350nam a2200145Ia 4500
008 230711s9999||||xx |||||||||||||| ||und||
041 _aENG
082 _a800
_bBR-R
100 _aBritannica
245 0 _aReference encyclopedia
250 _a1st Ed.
260 _c2005
_aNew Delhi
_bBritannica Ompulse Marketing
650 _aLiterature
942 _cBK
999 _c4392
_d4392